[Event "Gatineau LEO-B"]
[Site "Gatineau CAN"]
[Date "2012.04.10"]
[Round "1"]
[White "Rose, Richard1"]
[Black "Menard, Marc"]
[Result "1-0"]
[WhiteElo "1787"]
[BlackElo "1454"]
[PlyCount "57"]
[GameId "2160767909509749"]
[EventDate "2012.04.10"]
[EventType "swiss"]
[EventRounds "6"]
[EventCountry "CAN"]
[SourceTitle "EXT 2013"]
[Source "ChessBase"]
[SourceDate "2012.11.22"]
[SourceVersion "1"]
[SourceVersionDate "2012.11.22"]
[SourceQuality "1"]

1. e4 e5 2. Nf3 Nc6 3. Bc4 Nf6 4. Nc3 Be7 5. O-O O-O 6. d4 exd4 7. Nxd4 d6 8. h3 Ne5 9. Bb3 a5 10. f4 Ng6 11. Qf3 c6 12. Be3 Qc7 13. a4 Bd7 14. Rad1 Rae8 15. g4 h6 16. g5 hxg5 17. fxg5 Nh7 18. Bxf7+ Kh8 19. Qh5 d5 20. Bxg6 Qg3+ 21. Kh1 Qxh3+ 22. Qxh3 Bxh3 23. Rg1 Rd8 24. Rg3 Rf1+ 25. Rxf1 Bxf1 26. Kg1 Bd6 27. Rf3 Bc4 28. Rh3 Rf8 29. Nf5 1-0

[Event "Gatineau LEO-B"]
[Site "Gatineau CAN"]
[Date "2012.04.10"]
[Round "1"]
[White "Simard, Paul"]
[Black "Villeneuve, Luc"]
[Result "0-1"]
[WhiteElo "1170"]
[BlackElo "1620"]
[PlyCount "70"]
[GameId "2160767909509750"]
[EventDate "2012.04.10"]
[EventType "swiss"]
[EventRounds "6"]
[EventCountry "CAN"]
[SourceTitle "EXT 2013"]
[Source "ChessBase"]
[SourceDate "2012.11.22"]
[SourceVersion "1"]
[SourceVersionDate "2012.11.22"]
[SourceQuality "1"]

1. e4 c5 2. Nf3 e6 3. d4 cxd4 4. Nxd4 a6 5. Bd3 Nc6 6. c3 Qc7 7. O-O Nf6 8. Nd2 Be7 9. h3 d5 10. exd5 exd5 11. N2f3 O-O 12. Re1 h6 13. b3 Rd8 14. Qc2 Bf8 15. b4 Ne7 16. Ne5 Ne4 17. Bxe4 dxe4 18. Rxe4 Nf5 19. Qd3 b5 20. Qf3 Nxd4 21. Rxd4 Bb7 22. Qf4 Rxd4 23. Qxd4 Rd8 24. Qe3 Rd1+ 25. Kh2 f6 26. f4 fxe5 27. fxe5 Qc6 28. Qe2 Re1 29. Qf2 Rxe5 30. Bf4 Rf5 31. Qd2 Rxf4 32. Rg1 Bd6 33. g3 Rf3 34. h4 Rxg3 35. Rxg3 Qh1# 0-1

[Event "Gatineau LEO-B"]
[Site "Gatineau CAN"]
[Date "2012.04.10"]
[Round "1"]
[White "Traversy, Pierre"]
[Black "Lemieux, Denis"]
[Result "0-1"]
[WhiteElo "1079"]
[BlackElo "1481"]
[PlyCount "104"]
[GameId "2160767909509751"]
[EventDate "2012.04.10"]
[EventType "swiss"]
[EventRounds "6"]
[EventCountry "CAN"]
[SourceTitle "EXT 2013"]
[Source "ChessBase"]
[SourceDate "2012.11.22"]
[SourceVersion "1"]
[SourceVersionDate "2012.11.22"]
[SourceQuality "1"]

1. d4 b5 2. e4 a6 3. c4 bxc4 4. Bxc4 Bb7 5. d5 d6 6. Nc3 g6 7. Be3 Bg7 8. Nf3 c5 9. Qd3 Nd7 10. Na4 Nb6 11. Nxb6 Qxb6 12. Rb1 Qc7 13. O-O Nf6 14. Qc2 Nd7 15. b3 O-O 16. Bd2 Ne5 17. Nxe5 Bxe5 18. Bc3 Bxc3 19. Qxc3 Rae8 20. Rfe1 e5 21. Re3 f5 22. exf5 Rxf5 23. Rf3 Ref8 24. Rxf5 Rxf5 25. Re1 Qf7 26. Re2 Bxd5 27. Bxd5 Qxd5 28. Qc4 Qxc4 29. bxc4 Rf4 30. Rc2 Kf7 31. f3 Ke6 32. Kf2 Rf7 33. Ke3 Rb7 34. Ke4 Rb4 35. Kd3 g5 36. g4 h6 37. Kc3 Kd7 38. a3 Rb1 39. Kd3 Ke6 40. Kc3 Rf1 41. Rd2 Rxf3+ 42. Rd3 Rxd3+ 43. Kxd3 d5 44. a4 e4+ 45. Ke3 Ke5 46. cxd5 Kxd5 47. h3 a5 48. Kd2 Kd4 49. Ke2 c4 50. Kd2 c3+ 51. Ke2 e3 52. Ke1 Kd3 0-1

[Event "Gatineau LEO-B"]
[Site "Gatineau CAN"]
[Date "2012.04.17"]
[Round "2"]
[White "Dagenais, Benoit"]
[Black "Arsenault, Yves"]
[Result "1-0"]
[WhiteElo "1700"]
[BlackElo "1594"]
[PlyCount "63"]
[GameId "2160767909509754"]
[EventDate "2012.04.10"]
[EventType "swiss"]
[EventRounds "6"]
[EventCountry "CAN"]
[SourceTitle "EXT 2013"]
[Source "ChessBase"]
[SourceDate "2012.11.22"]
[SourceVersion "1"]
[SourceVersionDate "2012.11.22"]
[SourceQuality "1"]

1. e4 c5 2. Na3 e5 3. Bc4 d6 4. Nf3 h6 5. c3 Nf6 6. d4 cxd4 7. cxd4 exd4 8. O-O Be7 9. e5 dxe5 10. Nxe5 O-O 11. Qb3 Qe8 12. Ng6 Nc6 13. Re1 Qd8 14. Nxf8 Qxf8 15. Nb5 Na5 16. Qd3 Nxc4 17. Qxc4 Be6 18. Qc7 Bc5 19. Qg3 Kh7 20. Nc7 Bd6 21. Qd3+ g6 22. Nxa8 Qxa8 23. Qxd4 Qd8 24. Bf4 Nd5 25. Bxd6 Qxd6 26. a3 b6 27. Rad1 Qc7 28. Qe5 Qc4 29. Rc1 Qb3 30. Qd4 Qb5 31. Re5 Qd7 32. Rd1 1-0

[Event "Gatineau LEO-B"]
[Site "Gatineau CAN"]
[Date "2012.04.17"]
[Round "2"]
[White "Danilov, Alex"]
[Black "Jiang, Qizhe"]
[Result "1-0"]
[WhiteElo "1680"]
[BlackElo "1374"]
[PlyCount "37"]
[GameId "2160767909509755"]
[EventDate "2012.04.10"]
[EventType "swiss"]
[EventRounds "6"]
[EventCountry "CAN"]
[SourceTitle "EXT 2013"]
[Source "ChessBase"]
[SourceDate "2012.11.22"]
[SourceVersion "1"]
[SourceVersionDate "2012.11.22"]
[SourceQuality "1"]

1. c4 c5 2. g3 g6 3. Bg2 Bg7 4. Nf3 Nf6 5. O-O Nc6 6. d4 cxd4 7. Nxd4 O-O 8. e3 d5 9. cxd5 Nxd5 10. Nxc6 bxc6 11. Qe2 Qb6 12. Rd1 e5 13. Na3 Ba6 14. Qc2 Nb4 15. Qb3 Qc5 16. Bd2 Nd3 17. Qc3 Qd6 18. Qa5 Nxb2 19. Bb4 1-0

[Event "Gatineau LEO-B"]
[Site "Gatineau CAN"]
[Date "2012.04.17"]
[Round "2"]
[White "Laurin, Marcel"]
[Black "Raymond, Robert"]
[Result "1-0"]
[WhiteElo "1544"]
[BlackElo "1400"]
[PlyCount "39"]
[GameId "2160767909509756"]
[EventDate "2012.04.10"]
[EventType "swiss"]
[EventRounds "6"]
[EventCountry "CAN"]
[SourceTitle "EXT 2013"]
[Source "ChessBase"]
[SourceDate "2012.11.22"]
[SourceVersion "1"]
[SourceVersionDate "2012.11.22"]
[SourceQuality "1"]

1. d4 d5 2. Nf3 Nf6 3. c4 e6 4. a3 Be7 5. Nc3 O-O 6. Bf4 Nc6 7. c5 a6 8. e3 b6 9. cxb6 cxb6 10. Rc1 Bb7 11. Bd3 Rc8 12. Bb1 Bd6 13. Bg5 h6 14. h4 Be7 15. Qd3 hxg5 16. hxg5 Ne4 17. Nxe4 dxe4 18. Qxe4 g6 19. Qh4 f5 20. Qh7# 1-0

[Event "Gatineau LEO-B"]
[Site "Gatineau CAN"]
[Date "2012.04.17"]
[Round "2"]
[White "Lecorre, Joel"]
[Black "Pilon, Robert"]
[Result "1/2-1/2"]
[WhiteElo "1661"]
[BlackElo "1507"]
[PlyCount "96"]
[GameId "2160767909509757"]
[EventDate "2012.04.10"]
[EventType "swiss"]
[EventRounds "6"]
[EventCountry "CAN"]
[SourceTitle "EXT 2013"]
[Source "ChessBase"]
[SourceDate "2012.11.22"]
[SourceVersion "1"]
[SourceVersionDate "2012.11.22"]
[SourceQuality "1"]

1. e4 e6 2. d3 d5 3. Nd2 dxe4 4. Nxe4 Bd7 5. g3 Bc6 6. Bg2 f5 7. Qe2 fxe4 8. dxe4 Nf6 9. Bg5 Be7 10. Rd1 Nbd7 11. Nf3 Bxe4 12. Bxf6 Bxf3 13. Bxf3 Bxf6 14. Bxb7 Rb8 15. Bc6 O-O 16. Bxd7 Kh8 17. c3 e5 18. O-O Qe7 19. Ba4 Rfd8 20. Rxd8+ Rxd8 21. Rd1 Rd6 22. Qe4 Rxd1+ 23. Bxd1 Qd8 24. Bb3 g6 25. Qd5 Qxd5 26. Bxd5 Bg5 27. b3 Bd2 28. c4 Kg7 29. Kf1 Kf6 30. Ke2 Bc3 31. f3 c5 32. h3 g5 33. Be4 h6 34. g4 a6 35. Bb7 a5 36. Ke3 Bd4+ 37. Ke4 Bc3 38. Bc8 Bb2 39. Kd5 Ba3 40. Bf5 Bb4 41. Kc6 Ke7 42. Kd5 Kf6 43. Be4 Ba3 44. Kc6 Ke7 45. Bf5 Bb4 46. a4 Ba3 47. Kb6 Bb4 48. Kc7 Ba3 1/2-1/2

[Event "Gatineau LEO-B"]
[Site "Gatineau CAN"]
[Date "2012.04.17"]
[Round "2"]
[White "Menard, Marc"]
[Black "Berthiaume, Patrick"]
[Result "1-0"]
[WhiteElo "1454"]
[BlackElo "1355"]
[PlyCount "99"]
[GameId "2160767909509759"]
[EventDate "2012.04.10"]
[EventType "swiss"]
[EventRounds "6"]
[EventCountry "CAN"]
[SourceTitle "EXT 2013"]
[Source "ChessBase"]
[SourceDate "2012.11.22"]
[SourceVersion "1"]
[SourceVersionDate "2012.11.22"]
[SourceQuality "1"]

1. e4 e5 2. Nf3 Nc6 3. Bb5 a6 4. Ba4 Nf6 5. O-O Be7 6. Re1 b5 7. Bb3 d6 8. c3 Be6 9. d4 exd4 10. cxd4 d5 11. exd5 Nxd5 12. Nc3 O-O 13. a4 b4 14. Ne4 Qd7 15. Nc5 Bxc5 16. dxc5 Rad8 17. Bg5 f6 18. Qe2 Rfe8 19. Bh4 Bg4 20. Qxa6 Ra8 21. Qd3 Rad8 22. Rad1 Nce7 23. Bg3 Kh8 24. h3 Bf5 25. Qc4 g5 26. Rxe7 Qxe7 27. Rxd5 Be6 28. Rxd8 Bxc4 29. Rxe8+ Qxe8 30. Bxc4 Qc6 31. b3 Qxc5 32. h4 h6 33. hxg5 hxg5 34. Ne1 Kg7 35. Nd3 Qe7 36. Kf1 Kg6 37. a5 Kf5 38. a6 c5 39. f3 g4 40. fxg4+ Kxg4 41. Bf2 f5 42. Bxc5 Qd8 43. a7 Qa8 44. Nxb4 Kg3 45. Bd5 Qh8 46. a8=Q Qh1+ 47. Ke2 Qh5+ 48. Bf3 Qf7 49. Bf2+ Kh2 50. Qh8+ 1-0

[Event "Gatineau LEO-B"]
[Site "Gatineau CAN"]
[Date "2012.04.17"]
[Round "2"]
[White "Morones, Oliver"]
[Black "Traversy, Pierre"]
[Result "0-1"]
[WhiteElo "1258"]
[BlackElo "1079"]
[PlyCount "74"]
[GameId "2160767909509760"]
[EventDate "2012.04.10"]
[EventType "swiss"]
[EventRounds "6"]
[EventCountry "CAN"]
[SourceTitle "EXT 2013"]
[Source "ChessBase"]
[SourceDate "2012.11.22"]
[SourceVersion "1"]
[SourceVersionDate "2012.11.22"]
[SourceQuality "1"]

1. e4 c5 2. f4 e6 3. Nf3 Nc6 4. a3 d6 5. Bb5 Bd7 6. Bxc6 Bxc6 7. Qe2 g6 8. Nc3 a6 9. d4 cxd4 10. Nxd4 Bg7 11. Be3 Ne7 12. h4 h5 13. O-O-O Bd7 14. g4 hxg4 15. Qxg4 e5 16. f5 exd4 17. Bxd4 Bxd4 18. Rxd4 Qc7 19. Qf4 gxf5 20. Re1 O-O-O 21. Qf2 Kb8 22. Re3 Nc6 23. Nd5 Qc8 24. Rc4 Be6 25. Ne7 Qd7 26. Nxc6+ Ka8 27. Na5 Bxc4 28. Nxc4 Qc6 29. Rc3 Kb8 30. Nb6 Qxe4 31. Rc4 Qh1+ 32. Kd2 d5 33. Rd4 Rhg8 34. Qf4+ Ka7 35. Qc7 Qg2+ 36. Kc3 Qg3+ 37. Qxg3 Rxg3+ 0-1

[Event "Gatineau LEO-B"]
[Site "Gatineau CAN"]
[Date "2012.04.17"]
[Round "2"]
[White "Scantland, Patrick"]
[Black "Lavergne, Daniel"]
[Result "1-0"]
[WhiteElo "1795"]
[BlackElo "1671"]
[PlyCount "103"]
[GameId "2160767909509761"]
[EventDate "2012.04.10"]
[EventType "swiss"]
[EventRounds "6"]
[EventCountry "CAN"]
[SourceTitle "EXT 2013"]
[Source "ChessBase"]
[SourceDate "2012.11.22"]
[SourceVersion "1"]
[SourceVersionDate "2012.11.22"]
[SourceQuality "1"]

1. Nf3 Nf6 2. d4 b5 3. g3 Bb7 4. Bg2 e6 5. O-O Be7 6. c3 O-O 7. Nbd2 c5 8. Re1 d5 9. dxc5 Bxc5 10. Nb3 Bd6 11. Bg5 Qb6 12. Bxf6 gxf6 13. Qd4 Qxd4 14. Nfxd4 a6 15. e4 dxe4 16. Bxe4 Bxe4 17. Rxe4 f5 18. Re2 Rc8 19. Rd1 Bf8 20. Red2 Nc6 21. Nxc6 Rxc6 22. Rd7 Rac8 23. Kf1 Kg7 24. Nd4 Rb6 25. Nf3 Rc5 26. Ng5 Kg6 27. Nxf7 b4 28. c4 Bg7 29. b3 f4 30. g4 h5 31. h3 Ra5 32. R1d2 Bc3 33. Re2 e5 34. f3 hxg4 35. hxg4 Rb8 36. Nd6 Bd4 37. Rh2 Rc5 38. Nf5 Rg8 39. Ne7+ Kf7 40. Nxg8+ Kxg8 41. Rh5 Rc8 42. Ke2 a5 43. Kd3 Ra8 44. Rxd4 exd4 45. Kxd4 a4 46. Rb5 axb3 47. axb3 Re8 48. Re5 Ra8 49. c5 Ra1 50. Kc4 Rf1 51. Kxb4 Rxf3 52. c6 1-0

[Event "Gatineau LEO-B"]
[Site "Gatineau CAN"]
[Date "2012.04.17"]
[Round "2"]
[White "Simard, Paul"]
[Black "Berthiaume, Serge"]
[Result "0-1"]
[WhiteElo "1170"]
[BlackElo "1387"]
[PlyCount "46"]
[GameId "2160767909509762"]
[EventDate "2012.04.10"]
[EventType "swiss"]
[EventRounds "6"]
[EventCountry "CAN"]
[SourceTitle "EXT 2013"]
[Source "ChessBase"]
[SourceDate "2012.11.22"]
[SourceVersion "1"]
[SourceVersionDate "2012.11.22"]
[SourceQuality "1"]

1. e4 g6 2. Nf3 d6 3. d4 Bg7 4. c4 c5 5. d5 Qb6 6. Nc3 Nd7 7. Bd3 Ne5 8. Nxe5 Bxe5 9. O-O Nf6 10. h3 Bd7 11. Qf3 O-O-O 12. Bc2 Rdg8 13. Ba4 Bxa4 14. Nxa4 Qb4 15. Nc3 Qxc4 16. Re1 g5 17. g4 h5 18. Ne2 hxg4 19. hxg4 Rh2 20. Ng3 Rgh8 21. Bxg5 Bxg3 22. Qf5+ Kc7 23. fxg3 Qc2 0-1

[Event "Gatineau LEO-B"]
[Site "Gatineau CAN"]
[Date "2012.04.17"]
[Round "2"]
[White "Villeneuve, Luc"]
[Black "Rose, Richard1"]
[Result "1/2-1/2"]
[WhiteElo "1620"]
[BlackElo "1787"]
[PlyCount "127"]
[GameId "2160767909509763"]
[EventDate "2012.04.10"]
[EventType "swiss"]
[EventRounds "6"]
[EventCountry "CAN"]
[SourceTitle "EXT 2013"]
[Source "ChessBase"]
[SourceDate "2012.11.22"]
[SourceVersion "1"]
[SourceVersionDate "2012.11.22"]
[SourceQuality "1"]

1. Nf3 c5 2. g3 Nc6 3. c4 e6 4. e4 d5 5. cxd5 exd5 6. exd5 Qxd5 7. Nc3 Qh5 8. Be2 Bh3 9. Nd4 Qe5 10. Nxc6 bxc6 11. d3 Nf6 12. Be3 Bd6 13. Qa4 O-O 14. O-O-O Rab8 15. d4 cxd4 16. Qxd4 Bg2 17. Rhe1 Nd5 18. Qxe5 Bxe5 19. Bd4 Bxd4 20. Rxd4 Rfe8 21. Rc4 Bf3 22. Nxd5 cxd5 23. Rc2 Be4 24. Rd2 Rec8+ 25. Kd1 Rc5 26. Bd3 f5 27. Bxe4 fxe4 28. Rc2 Rbc8 29. Rxc5 Rxc5 30. Re3 Kf7 31. Ra3 a5 32. Kd2 Ke6 33. f3 Rb5 34. fxe4 dxe4 35. Ke3 Kd5 36. h4 h5 37. Ra4 Rxb2 38. Rxa5+ Ke6 39. Kxe4 Rb4+ 40. Kf3 g6 41. Ra6+ Kf5 42. Ra5+ Kf6 43. a3 Rc4 44. a4 Rc3+ 45. Kg2 Ra3 46. Ra6+ Kf5 47. a5 Ra4 48. Ra8 Kg4 49. Rg8 Ra2+ 50. Kg1 Kxg3 51. Rxg6+ Kxh4 52. a6 Kh3 53. Rh6 h4 54. Rg6 Ra1+ 55. Kf2 Kh2 56. Ke3 Ra4 57. Rh6 h3 58. Rg6 Kh1 59. Kf2 h2 60. Ke3 Ra1 61. Kd4 Rg1 62. Rh6 Rg7 63. Kc5 Kg2 64. Rxh2+ 1/2-1/2

[Event "Gatineau LEO-B"]
[Site "Gatineau CAN"]
[Date "2012.04.24"]
[Round "3"]
[White "Arsenault, Yves"]
[Black "Berthiaume, Serge"]
[Result "1-0"]
[WhiteElo "1594"]
[BlackElo "1387"]
[PlyCount "79"]
[GameId "2160767909509764"]
[EventDate "2012.04.10"]
[EventType "swiss"]
[EventRounds "6"]
[EventCountry "CAN"]
[SourceTitle "EXT 2013"]
[Source "ChessBase"]
[SourceDate "2012.11.22"]
[SourceVersion "1"]
[SourceVersionDate "2012.11.22"]
[SourceQuality "1"]

1. e4 g6 2. d4 Bg7 3. Nf3 c5 4. c3 cxd4 5. cxd4 Qb6 6. Nc3 d6 7. h3 Nc6 8. Nd5 Qd8 9. Bb5 Bd7 10. O-O Nf6 11. Nc3 a6 12. Ba4 b5 13. Bc2 O-O 14. Re1 Nb4 15. Bb1 a5 16. a3 Na6 17. e5 Ne8 18. Be4 Ra7 19. Be3 f6 20. Qb3+ e6 21. d5 Nac7 22. Bxa7 fxe5 23. dxe6 Bxe6 24. Bd5 Nxd5 25. Nxd5 Qa8 26. Ne7+ Kf7 27. Qxb5 Qxa7 28. Nc6 Nc7 29. Ng5+ Kg8 30. Qd3 Qxf2+ 31. Kh1 Bd5 32. Ne7+ Kh8 33. Nxd5 Qxb2 34. Nxc7 Rf2 35. Qd5 Bf6 36. Rab1 Qc3 37. Rb8+ Kg7 38. Nce6+ Kh6 39. Nf7+ Kh5 40. Qd1+ 1-0

[Event "Gatineau LEO-B"]
[Site "Gatineau CAN"]
[Date "2012.04.24"]
[Round "3"]
[White "Berthiaume, Patrick"]
[Black "Simard, Paul"]
[Result "1-0"]
[WhiteElo "1355"]
[BlackElo "1170"]
[PlyCount "47"]
[GameId "2160767909509769"]
[EventDate "2012.04.10"]
[EventType "swiss"]
[EventRounds "6"]
[EventCountry "CAN"]
[SourceTitle "EXT 2013"]
[Source "ChessBase"]
[SourceDate "2012.11.22"]
[SourceVersion "1"]
[SourceVersionDate "2012.11.22"]
[SourceQuality "1"]

1. e4 e5 2. Nf3 Nc6 3. Bb5 a6 4. Ba4 Nf6 5. O-O g6 6. d3 Bg7 7. Bg5 O-O 8. Nbd2 b5 9. Bb3 Na5 10. c3 c6 11. d4 exd4 12. cxd4 Qc7 13. Rc1 Qb6 14. e5 Nd5 15. Ne4 Nb7 16. Bxd5 cxd5 17. Nf6+ Bxf6 18. Bxf6 d6 19. Qd2 dxe5 20. dxe5 Nc5 21. Qh6 Ne6 22. Ng5 Re8 23. Qxh7+ Kf8 24. Qh8# 1-0

[Event "Gatineau LEO-B"]
[Site "Gatineau CAN"]
[Date "2012.04.24"]
[Round "3"]
[White "Corrigan, Paul"]
[Black "Morones, Oliver"]
[Result "0-1"]
[WhiteElo "1308"]
[BlackElo "1258"]
[PlyCount "52"]
[GameId "2160767909509770"]
[EventDate "2012.04.10"]
[EventType "swiss"]
[EventRounds "6"]
[EventCountry "CAN"]
[SourceTitle "EXT 2013"]
[Source "ChessBase"]
[SourceDate "2012.11.22"]
[SourceVersion "1"]
[SourceVersionDate "2012.11.22"]
[SourceQuality "1"]

1. e4 d6 2. d4 e6 3. Nf3 h6 4. Bc4 Bd7 5. O-O g5 6. Nc3 a6 7. Qe2 Bg7 8. d5 e5 9. Be3 Nf6 10. b4 Nh5 11. a4 Nf4 12. Bxf4 gxf4 13. b5 a5 14. b6 Bg4 15. Bb5+ Kf8 16. bxc7 Qxc7 17. Qd3 Nd7 18. h3 Nc5 19. Qe2 Bh5 20. Ra3 Qe7 21. g3 Rc8 22. Rb1 Bf6 23. h4 Rg8 24. Kf1 fxg3 25. fxg3 Rxg3 26. Qf2 Rxf3 0-1

[Event "Gatineau LEO-B"]
[Site "Gatineau CAN"]
[Date "2012.04.24"]
[Round "3"]
[White "Dagenais, Benoit"]
[Black "Scantland, Patrick"]
[Result "1-0"]
[WhiteElo "1700"]
[BlackElo "1795"]
[PlyCount "83"]
[GameId "2160767909509771"]
[EventDate "2012.04.10"]
[EventType "swiss"]
[EventRounds "6"]
[EventCountry "CAN"]
[SourceTitle "EXT 2013"]
[Source "ChessBase"]
[SourceDate "2012.11.22"]
[SourceVersion "1"]
[SourceVersionDate "2012.11.22"]
[SourceQuality "1"]

1. e4 c5 2. Na3 d5 3. exd5 Qxd5 4. Nf3 Nf6 5. d4 Bg4 6. Bc4 Bxf3 7. Bxd5 Bxd1 8. Bxb7 Bg4 9. dxc5 e5 10. Be3 Be7 11. Bxa8 O-O 12. Bb7 Bc8 13. c6 Bxb7 14. cxb7 Nc6 15. Nb5 Rb8 16. O-O-O Rxb7 17. Nd6 Rc7 18. Rd2 Nb4 19. c3 Nbd5 20. Bg5 Rc6 21. Rhd1 h6 22. Bxf6 Nxf6 23. f3 Nh5 24. Kc2 Bg5 25. Rd5 Bf6 26. Ne4 Nf4 27. Nxf6+ Rxf6 28. Rd8+ Kh7 29. R1d2 Ra6 30. R8d7 f6 31. Re7 Rxa2 32. Rdd7 h5 33. Rxg7+ Kh6 34. g3 Ng2 35. Rgf7 Ra6 36. Rxa7 Rb6 37. Rab7 Rd6 38. Rfd7 Rc6 39. Kd2 h4 40. Ke2 hxg3 41. hxg3 e4 42. fxe4 1-0

[Event "Gatineau LEO-B"]
[Site "Gatineau CAN"]
[Date "2012.04.24"]
[Round "3"]
[White "Lavergne, Daniel"]
[Black "Menard, Marc"]
[Result "1/2-1/2"]
[WhiteElo "1671"]
[BlackElo "1454"]
[PlyCount "102"]
[GameId "2160767909509772"]
[EventDate "2012.04.10"]
[EventType "swiss"]
[EventRounds "6"]
[EventCountry "CAN"]
[SourceTitle "EXT 2013"]
[Source "ChessBase"]
[SourceDate "2012.11.22"]
[SourceVersion "1"]
[SourceVersionDate "2012.11.22"]
[SourceQuality "1"]

1. d4 Nf6 2. c4 e6 3. Nc3 d5 4. Bg5 Be7 5. e3 O-O 6. Nf3 Ne4 7. Nxe4 dxe4 8. Bxe7 Qxe7 9. Nd2 f5 10. Qb3 c5 11. O-O-O Nc6 12. d5 Ne5 13. f3 exf3 14. gxf3 f4 15. e4 a5 16. Rg1 Qc7 17. Be2 a4 18. Qc3 Rf7 19. Rg5 Ng6 20. e5 Bd7 21. Ne4 Rf5 22. Rxf5 exf5 23. e6 fxe4 24. exd7 e3 25. Bd3 Qxd7 26. Bxg6 hxg6 27. Qe5 Rf8 28. Rg1 Qf5 29. Qxf5 gxf5 30. Rg6 Re8 31. Kd1 Kf7 32. Rb6 Rb8 33. b4 axb3 34. axb3 g5 35. b4 cxb4 36. c5 Rd8 37. Rxb7+ Ke8 38. d6 g4 39. fxg4 fxg4 40. Rxb4 Kd7 41. Rxf4 Kc6 42. Rf5 Rh8 43. Ke2 Rxh2+ 44. Kxe3 g3 45. Rg5 Rc2 46. Kf3 Rc3+ 47. Kg2 Kd7 48. Rg7+ Kd8 49. Rc7 Rd3 50. Rg7 Rc3 51. Rxg3 Rxc5 1/2-1/2

[Event "Gatineau LEO-B"]
[Site "Gatineau CAN"]
[Date "2012.04.24"]
[Round "3"]
[White "Lemieux, Denis"]
[Black "Laurin, Marcel"]
[Result "0-1"]
[WhiteElo "1481"]
[BlackElo "1544"]
[PlyCount "118"]
[GameId "2160767909509773"]
[EventDate "2012.04.10"]
[EventType "swiss"]
[EventRounds "6"]
[EventCountry "CAN"]
[SourceTitle "EXT 2013"]
[Source "ChessBase"]
[SourceDate "2012.11.22"]
[SourceVersion "1"]
[SourceVersionDate "2012.11.22"]
[SourceQuality "1"]

1. d4 d5 2. c4 e5 3. dxe5 d4 4. Nf3 Nc6 5. g3 Bf5 6. a3 f6 7. exf6 Nxf6 8. Bg2 Qd7 9. O-O h6 10. b4 O-O-O 11. Nbd2 g5 12. Bb2 Bg7 13. b5 Na5 14. Nxd4 Bh3 15. Qa4 Bxg2 16. Kxg2 b6 17. Rfd1 h5 18. Nc6 h4 19. Nf1 Qe6 20. Rxd8+ Rxd8 21. Nxd8 h3+ 22. Kg1 Qxe2 23. Bxf6 Qf3 24. Ne3 Bxf6 25. Qd1 Qe4 26. Rc1 Bd4 27. Qg4+ Qxg4 28. Nxg4 Kxd8 29. Rd1 c5 30. bxc6 Nxc6 31. Kf1 Kc7 32. Ne3 Bc5 33. Nc2 Ne5 34. Rd5 Nf3 35. a4 Nxh2+ 36. Ke2 Ng4 37. Ne3 Nf6 38. Rxg5 h2 39. Nd5+ Kd8 40. Nxf6 h1=Q 41. Nd5 Qa1 42. f4 Qb2+ 43. Kf3 Qb3+ 44. Kg4 Qxc4 45. Kh5 Bd4 46. Kg6 Qc2+ 47. Kh5 Qxa4 48. Rg6 Qb5 49. Rg5 Qe2+ 50. g4 Qe8+ 51. Kh6 Qh8+ 52. Kg6 Qg7+ 53. Kf5 Qh7+ 54. Rg6 Qf7+ 55. Nf6 Bxf6 56. Rxf6 Qd5+ 57. Kg6 Qg8+ 58. Kf5 b5 59. Ke5 Qxg4 0-1

[Event "Gatineau LEO-B"]
[Site "Gatineau CAN"]
[Date "2012.04.24"]
[Round "3"]
[White "Pilon, Robert"]
[Black "Traversy, Pierre"]
[Result "1-0"]
[WhiteElo "1507"]
[BlackElo "1079"]
[PlyCount "61"]
[GameId "2160767909509774"]
[EventDate "2012.04.10"]
[EventType "swiss"]
[EventRounds "6"]
[EventCountry "CAN"]
[SourceTitle "EXT 2013"]
[Source "ChessBase"]
[SourceDate "2012.11.22"]
[SourceVersion "1"]
[SourceVersionDate "2012.11.22"]
[SourceQuality "1"]

1. e4 c5 2. Nf3 e6 3. c3 Nc6 4. d4 cxd4 5. cxd4 d5 6. e5 g6 7. Nc3 a6 8. a3 Bg7 9. Bd3 b5 10. b4 Rb8 11. O-O Qb6 12. Bg5 h6 13. Be3 Bd7 14. Rb1 Nce7 15. Qd2 Rc8 16. Rfc1 Nf5 17. Bxf5 exf5 18. Nxd5 Qe6 19. Rxc8+ Bxc8 20. Nc7+ Kf8 21. Nxe6+ fxe6 22. d5 Bd7 23. dxe6 Bxe6 24. Qd8+ Kf7 25. Bc5 g5 26. Rd1 Nf6 27. Qc7+ Nd7 28. Rxd7+ Bxd7 29. Qxd7+ Kg6 30. e6 Bf6 31. Qf7# 1-0

[Event "Gatineau LEO-B"]
[Site "Gatineau CAN"]
[Date "2012.04.24"]
[Round "3"]
[White "Raymond, Robert"]
[Black "Legare, Gilles"]
[Result "1-0"]
[WhiteElo "1400"]
[BlackElo "1099"]
[PlyCount "117"]
[GameId "2160767909509775"]
[EventDate "2012.04.10"]
[EventType "swiss"]
[EventRounds "6"]
[EventCountry "CAN"]
[SourceTitle "EXT 2013"]
[Source "ChessBase"]
[SourceDate "2012.11.22"]
[SourceVersion "1"]
[SourceVersionDate "2012.11.22"]
[SourceQuality "1"]

1. e4 e6 2. Nf3 Nc6 3. c3 g6 4. d4 d5 5. e5 b6 6. Bb5 Bd7 7. O-O a6 8. Ba4 b5 9. Bc2 a5 10. a3 a4 11. b4 axb3 12. Bxb3 Na5 13. Bc2 Nc4 14. Bd3 c5 15. Bxc4 bxc4 16. Ng5 Be7 17. Nf3 h5 18. Bd2 h4 19. Qc1 h3 20. g3 Rh5 21. g4 Rh7 22. Bg5 Bxg5 23. Nxg5 Rh8 24. Qf4 Qe7 25. Qe3 Nh6 26. Qf4 Nf5 27. gxf5 gxf5 28. Kh1 O-O-O 29. Rg1 Ba4 30. Rg3 Rdg8 31. Nd2 Rg6 32. Rxh3 Rxh3 33. Nxh3 Rg4 34. Qf3 Bc2 35. Rg1 Rxg1+ 36. Kxg1 Qh4 37. Qg3 Qg4 38. Qxg4 fxg4 39. Ng5 Bg6 40. h3 gxh3 41. Nxh3 cxd4 42. cxd4 Kb7 43. Nb1 Bxb1 44. Nf4 Kb6 45. Ne2 Ka5 46. Nc3 Bc2 47. Kg2 Bb3 48. Kg3 Kb6 49. Kg4 Kc7 50. Kg5 Kd8 51. Kf6 Ke8 52. f4 Bc2 53. a4 Kd8 54. Kxf7 Bf5 55. a5 Kc7 56. Nb5+ Kb7 57. Nd6+ Ka6 58. Nxf5 exf5 59. e6 1-0

[Event "Gatineau LEO-B"]
[Site "Gatineau CAN"]
[Date "2012.04.24"]
[Round "3"]
[White "Rose, Richard1"]
[Black "Danilov, Alex"]
[Result "1-0"]
[WhiteElo "1787"]
[BlackElo "1680"]
[PlyCount "49"]
[GameId "2160767909509776"]
[EventDate "2012.04.10"]
[EventType "swiss"]
[EventRounds "6"]
[EventCountry "CAN"]
[SourceTitle "EXT 2013"]
[Source "ChessBase"]
[SourceDate "2012.11.22"]
[SourceVersion "1"]
[SourceVersionDate "2012.11.22"]
[SourceQuality "1"]

1. e4 c5 2. Nf3 Nc6 3. d4 cxd4 4. Nxd4 g6 5. c3 Bg7 6. Bc4 Ne5 7. Bb3 d6 8. O-O Nf6 9. h3 O-O 10. f4 Ned7 11. Qf3 a6 12. Be3 Nc5 13. Bc2 Bd7 14. Nd2 e5 15. N4b3 Nxb3 16. Bxb3 Bc6 17. f5 d5 18. fxg6 hxg6 19. Bg5 Qb6+ 20. Be3 dxe4 21. Qg3 Nh5 22. Qg5 Qd8 23. Qxg6 Nf4 24. Rxf4 exf4 25. Bd4 1-0